| 000 | 01269cam a22003377a 4500 | ||
|---|---|---|---|
| 999 |
_c914 _d914 |
||
| 001 | 16082153 | ||
| 003 | OSt | ||
| 005 | 20210622084350.0 | ||
| 008 | 100203s2009 onca b 001 0 eng | ||
| 010 | _a 2009482772 | ||
| 020 | _a9781554884599 (pbk.) | ||
| 035 | _a(OCoLC)ocn434559076 | ||
| 040 |
_aNLC _beng _cNLC _dYDXCP _dCDX _dDLC |
||
| 042 | _alccopycat | ||
| 043 | _an-cn-on | ||
| 050 | 0 | 0 |
_aHT178.C22 _bB73 2009 |
| 082 | 0 | 4 |
_a971.3/47 _222 |
| 100 | 1 |
_aGroarke, Leo, _d1953- |
|
| 245 | 1 | 0 |
_aReinventing Brantford : _ba university comes downtown / _cLeo Groarke ; Foreword by William Humber. |
| 260 |
_aToronto : _bDundurn Press, _c2009. |
||
| 300 |
_a284 p. : _bill. ; _c23 cm. |
||
| 504 | _aIncludes bibliographical references and index. | ||
| 610 | 2 | 0 |
_aWilfrid Laurier University _xHistory. |
| 650 | 0 |
_aUrban renewal _zOntario _zBrantford _xHistory. |
|
| 650 | 0 |
_aCentral business districts _zOntario _zBrantford _xHistory. |
|
| 650 | 0 |
_aCentral business districts _xConservation and restoration _zOntario _zBrantford. |
|
| 651 | 0 |
_aBrantford (Ont.) _xHistory. |
|
| 906 |
_a7 _bcbc _ccopycat _d3 _encip _f20 _gy-gencatlg |
||
| 942 |
_2lcc _cBK _nSO |
||